000 01577cam a22004694i 4500
003 PE-LiUPU
005 20250731173511.0
008 150616s1994 miu rb 000 0 eng d
020 _a0801054257
035 _a(Sirsi) i9780801054259
040 _aPE-LiUPU
_bspa
_cPE-LiUPU
_erda
049 _aPRUA
082 0 4 _a251.07
_bK17
_221
100 1 _aKaiser, Walter C.,
_eautor.
245 1 0 _aToward an Exegetical Theology; biblical exegesis for preaching and teaching.
264 1 _aGrand Rapids, Michigan :
_bBaker Book House,
_c1994.
300 _a268 páginas ;
_c24 centímetros
336 _atext
_2rdacontent
337 _aunmediated
_2rdamedia
338 _avolume
_2rdacarrier
504 _aIncluye bibliografía.
505 0 _aThe syntactical-theological method.- Special Issues.
526 _aSEG42
526 _aSEG41
526 _aSEG40
526 _aSEG39
526 _aP94
526 _aP87
526 _aP86
526 _aP85
526 _aP77
526 _aP76
526 _aP35
650 0 4 _aSERMONES - ENSEÑANZAS.
910 _ajck
_bjvq
_cjck
942 _2ddc
_cBOOK
949 _a251.07 K17
_wDEWEY
_c1
_i41113
_d2016-10-27
_e2016-10-25
_lCCODEBUL1
_mBUL
_n1
_r0
_sY
_tBOOK
_u2015-6-16
_xTEOLOGIA
_zUNKNOWN
_0COMPRA
_o.STAFF. Colección Teología
994 _aC0
_bPEPRU
596 _a1
999 _a251.07 K17
_wDEWEY
_c58926
_i41113
_d58926
_e2016-10-25
_f2021-11-10
_g5
_lCCODEBUL1
_mBUL
_n1
_p30.00
_r0
_sY
_tBOOK
_u2015-6-16
_xTEOLOGIA
_PP35
_0COMPRA
_o.STAFF. Colección Teología
980 _81
_gALBERTO SANCHEZ Responsable de Automatización